000 00327nam a22001217a 4500
003 OSt
008 220215b ||||| |||| 00| 0 eng d
082 _a621
_bPOW
245 _aPower engineers hand book -2012
260 _aK.S.E Board Engineers Association
_bK.S.E Board Engineers Association
_c2012
300 _a539
942 _cBK
999 _c17502
_d17502